[Event "ROU-chT 1st League 2019"]
[Site "Mamaia"]
[Date "2019.09.27"]
[Round "7.5"]
[White "Toma Andreica, Alin"]
[Black "Anton, Teodor"]
[Result "0-1"]
[WhiteElo "2163"]
[BlackElo "2445"]
[Annotator "TA"]
[PlyCount "86"]
[EventDate "2019.09.21"]
[EventType "team-tourn"]
[EventCountry "ROU"]
[SourceTitle "playchess.com"]
[Source "ChessBase"]
[SourceQuality "1"]

{[%evp 18,86,0,0,-10,-15,35,12,0,0,0,0,0,0,7,0,1,6,10,0,0,0,3,-10,-20,-29,0,11,4,-31,-43,-39,-42,-37,-33,-33,-40,-34,-31,-29,0,-39,47,37,66,58,75,67,78,0,85,-95,-107,-102,-104,-166,-128,-132,-131,-152,-145,-375,-337,-420,-408,-420,-415,-394,-418,-529,-485]} 1. e4 g6 2. d4 Bg7 3. Nc3 d6 4. f4 Nf6 5. e5 Nfd7 6. Nf3 O-O 7. Be3 c5 8. exd6 exd6 9. Qd2 Nc6 10. O-O-O Qa5 {B09: Pirc Defence: Austrian Attack} 11. Kb1 a6 (11... Nf6 {is more complex.} 12. h3 Rb8 13. dxc5 dxc5 14. Ne5 Be6) (11... Nf6 12. h3 b5 13. Bxb5 Nb4 14. a3 Bf5 15. axb4 cxb4 16. Bd3 Rab8 17. Na2 Nd5 18. Ka1 Rfc8 19. Bxf5 gxf5 20. Qd3 b3 {0-1 (20) Danielian,E (2413)-Motylev,A (2669) Batumi 2018}) 12. Nd5 {And now Qxa5 would win.} (12. Ne4 {feels hotter.} Qxd2 13. Bxd2 Nxd4 14. Nxd6 Nxf3 15. gxf3 Nf6 16. Bc3) 12... Qxd2 {The position is equal.} 13. Rxd2 cxd4 14. Bxd4 Nxd4 15. Nxd4 Nc5 16. c3 Be6 17. Bc4 b5 18. Bb3 Nxb3 19. Nxb3 Ra7 $146 20. Nb4 Bf5+ 21. Ka1 a5 22. Nc6 {[%mdl 64] Double Attack} Rc7 23. Nbd4 Be4 24. Nxa5 Ra8 $1 {[%cal Ra8a5]} 25. Nab3 {[#]} ({Don't play} 25. Nxb5 Rc5 $17) 25... b4 $1 {[%cal Rb4c3][%mdl 512]} 26. cxb4 Rc4 27. Rhd1 Rxb4 {( -> ...Rxa2+!)} 28. Nc1 $1 h5 $40 {[%mdl 128] Black mounts an attack.} 29. g3 Rc8 (29... Bd5 $15) 30. Nce2 $1 $14 Rcc4 31. a3 Rb8 32. Nc3 d5 33. Ndb5 ({White should play} 33. Ka2 $16) 33... Bf6 {[#]} (33... Rc5 $11 {keeps the balance.}) 34. Nxd5 $2 (34. Ka2 $1 $16 {keeps the pressure on.}) 34... Bxd5 $17 35. Rxd5 {Threatens to win with R1d2.} Rc2 $1 {[%csl LRb2,LRh2]} 36. Rb1 (36. R5d2 $17 Rxd2 37. Rxd2 Rxb5 38. Ka2) 36... Rxh2 $19 37. Ka2 Rg2 38. a4 Ra8 ({Much weaker is} 38... Rxg3 $6 39. a5 $11) 39. Na3 $2 (39. Rd6 $17 {was necessary.} Bg7 40. Rd3 Rxa4+ 41. Kb3) 39... Rxa4 40. Rd3 Rb4 41. Rb3 Rxb3 42. Kxb3 Rxg3+ 43. Ka2 Rg2 {Accuracy: White = 32%, Black = 59%.} 0-1

[Event "ROU-chT 1st League 2019"]
[Site "Mamaia"]
[Date "2019.09.27"]
[Round "7.6"]
[White "Bobocea, Laurentiu-Vlad"]
[Black "Banzea, Alexandru-Bogdan"]
[Result "1/2-1/2"]
[WhiteElo "1921"]
[BlackElo "2401"]
[Annotator "TA"]
[PlyCount "56"]
[EventDate "2019.09.21"]
[EventType "team-tourn"]
[EventCountry "ROU"]
[SourceTitle "playchess.com"]
[Source "ChessBase"]
[SourceQuality "1"]

{[%evp 10,56,36,8,28,8,5,6,12,-22,-22,-25,-18,-32,-43,-48,-27,-28,-49,-29,-23,-87,-77,-79,-50,-69,-2,-9,-14,-11,-4,-41,-39,-37,-40,-63,-62,-56,-59,-180,-15,-12,-9,-20,-20,-15,-6,-6,-4]} 1. e4 c5 2. Nf3 d6 3. d4 cxd4 4. Nxd4 Nf6 5. Nc3 a6 6. a3 e6 {B90: Sicilian Najdorf: Unusual White 6th moves, 6 Be3 Ng4 and 6 Be3 e5} (6... e5 7. Nf3 h6 8. Bc4 Be6 9. Bxe6 fxe6 10. O-O Nbd7 11. Ne1 Be7 12. Nd3 O-O 13. f4 Qc7 14. Kh1 {0-1 (52) Short,N (2648)-Aronian,L (2767) Caleta 2019}) 7. g4 d5 8. exd5 $146 ({Predecessor:} 8. Bg2 Nxe4 9. Nxe4 dxe4 10. Bxe4 g6 11. g5 Bg7 12. c3 O-O 13. Be3 {0-1 (32) Andersen,J (2300)-Malakhatko,V (2612) Esbjerg 2008}) 8... Nxd5 9. Ne4 b5 10. Bg2 Bb7 11. Qe2 Be7 12. Bd2 Nc6 (12... O-O {looks sharper.} 13. O-O Nd7 14. c3 Qc7 15. f4 N5b6) 13. Nxc6 Bxc6 14. g5 Qc7 15. h4 (15. O-O $11 {remains equal.}) 15... Rc8 16. Qg4 Qe5 17. c3 Qf5 (17... f5 $15 18. gxf6 Nxf6) 18. Qxf5 $11 exf5 19. Ng3 g6 20. O-O-O O-O {Strongly threatening ...Nxc3!} 21. Rhe1 Rfe8 22. Bxd5 Bxd5 23. Be3 Bb3 24. Rd2 ({White should try} 24. Rd7 $15) 24... Bxa3 $2 (24... Bc5 $19 {And now ...f4! would win.} 25. Rg1 Bxe3 26. fxe3 Rxe3) 25. bxa3 {Hoping for Ne2.The position is equal.} f4 $1 {[%mdl 64] [#] Double Attack} 26. Kb2 Bc4 27. Rd4 fxg3 28. fxg3 Re6 {Accuracy: White = 35%, Black = 43%.} 1/2-1/2

[Event "ROU-chT 1st League 2019"]
[Site "Mamaia"]
[Date "2019.09.27"]
[Round "7.7"]
[White "Tarlev, Konstantin"]
[Black "Istratescu, Andrei"]
[Result "1/2-1/2"]
[WhiteElo "2559"]
[BlackElo "2556"]
[Annotator "ChessBase"]
[PlyCount "35"]
[EventDate "2019.09.21"]
[EventType "team-tourn"]
[EventCountry "ROU"]
[SourceTitle "playchess.com"]
[Source "ChessBase"]
[SourceQuality "1"]
[TimeControl "40/5400+30:1800+30"]

1. e4 {[%emt 0:00:00]} e5 {[%emt 0:00:57]} 2. Nf3 {[%emt 0:00:13]} Nf6 {[%emt 0:00:06]} 3. Nxe5 {[%emt 0:01:46]} d6 {[%emt 0:01:44]} 4. Nf3 {[%emt 0:00:03]} Nxe4 {[%emt 0:00:04]} 5. Nc3 {[%emt 0:00:20]} Nxc3 {[%emt 0:00:37]} 6. dxc3 {[%emt 0:00:35]} Be7 {[%emt 0:00:11]} 7. Bf4 {[%emt 0:02:25]} Nd7 {[%emt 0:03:35]} 8. Qd2 {[%emt 0:01:11]} Nc5 {[%emt 0:01:14]} 9. O-O-O {[%emt 0:00:11]} O-O {[%emt 0:00:03]} 10. h4 {[%emt 0:06:29]} Bg4 {[%emt 0:02:19]} 11. Be2 {[%emt 0:02:58]} Re8 {[%emt 0:04:00]} 12. Nd4 {[%emt 0:02:30]} Bxe2 {[%emt 0:11:26]} 13. Qxe2 {[%emt 0:01:59]} Bf6 {[%emt 0:00:09]} 14. Qf3 {[%emt 0:03:22]} Qe7 {[%emt 0:07:26]} 15. Qh3 {[%emt 0:23:45]} Bxd4 {[%emt 0:11:34]} 16. cxd4 {[%emt 0:01:49]} Ne4 {[%emt 0:01:17]} 17. Be3 {[%emt 0:18:32]} Qf6 {[%emt 0:09:47]} 18. Rhf1 {[%emt 0:06:25]} 1/2-1/2

[Event "ROU-chT 1st League 2019"]
[Site "Mamaia"]
[Date "2019.09.27"]
[Round "7.8"]
[White "Aczel, Gergely"]
[Black "Morozov, Nichita"]
[Result "1-0"]
[WhiteElo "2530"]
[BlackElo "2394"]
[Annotator "ChessBase"]
[PlyCount "91"]
[EventDate "2019.09.21"]
[EventType "team-tourn"]
[EventCountry "ROU"]
[SourceTitle "playchess.com"]
[Source "ChessBase"]
[SourceQuality "1"]
[TimeControl "40/5400+30:1800+30"]

1. d4 {[%emt 0:00:00]} Nf6 {[%emt 0:00:00]} 2. c4 {[%emt 0:00:00]} e6 {[%emt 0:00:00]} 3. Nc3 {[%emt 0:00:00]} Bb4 {[%emt 0:00:00]} 4. e3 {[%emt 0:00:00]} O-O {[%emt 0:00:03]} 5. Bd2 {[%emt 0:00:00]} b6 {[%emt 0:02:03]} 6. Bd3 {[%emt 0:00:00]} Bb7 {[%emt 0:00:46]} 7. Nf3 {[%emt 0:00:02]} c5 {[%emt 0:01:49]} 8. a3 {[%emt 0:00:07]} Bxc3 {[%emt 0:00:18]} 9. Bxc3 {[%emt 0:00:04]} Ne4 {[%emt 0:00:36]} 10. Bxe4 {[%emt 0:00:11]} Bxe4 {[%emt 0:00:04]} 11. dxc5 {[%emt 0:00:14]} bxc5 {[%emt 0:00:51]} 12. Qd6 {[%emt 0:00:15]} Nc6 {[%emt 0:06:03]} 13. Qxc5 {[%emt 0:06:06]} d6 {[%emt 0:01:28]} 14. Qg5 {[%emt 0:27:00]} Qxg5 {[%emt 0:00:48]} 15. Nxg5 {[%emt 0:00:02]} Bd3 {[%emt 0:00:15]} 16. O-O-O {[%emt 0:00:50]} Bxc4 {[%emt 0:00:32]} 17. Rxd6 {[%emt 0:00:05]} Ne7 {[%emt 0:00:21]} 18. e4 {[%emt 0:01:25]} Nc8 {[%emt 0:00:30]} 19. Rd4 {[%emt 0:02:54]} Nb6 {[%emt 0:00:30]} 20. Kc2 {[%emt 0:17:30]} Rfc8 {[%emt 0:02:14]} 21. b3 {[%emt 0:01:38]} e5 {[%emt 0:00:59]} 22. Rxc4 {[%emt 0:04:20]} Nxc4 {[%emt 0:00:10]} 23. bxc4 {[%emt 0:00:06]} Rxc4 {[%emt 0:00:28]} 24. Re1 {[%emt 0:00:25]} Ra4 {[%emt 0:02:29]} 25. Kb3 {[%emt 0:02:21]} Ra6 {[%emt 0:00:24]} 26. Nf3 {[%emt 0:01:10]} Rb8+ {[%emt 0:00:17]} 27. Ka2 {[%emt 0:00:09]} Rc6 {[%emt 0:01:06]} 28. Re3 {[%emt 0:00:17]} f6 {[%emt 0:00:04]} 29. Nd2 {[%emt 0:08:09]} Rd6 {[%emt 0:00:29]} 30. h4 {[%emt 0:02:38]} h5 {[%emt 0:03:01]} 31. g3 {[%emt 0:00:22]} Kf7 {[%emt 0:00:35]} 32. Re2 {[%emt 0:09:23]} Rc6 {[%emt 0:00:55]} 33. Re3 {[%emt 0:01:10]} Rd6 {[%emt 0:00:01]} 34. a4 {[%emt 0:02:47]} Ke6 {[%emt 0:00:21]} 35. a5 {[%emt 0:00:17]} Rc6 {[%emt 0:02:10]} 36. Rd3 {[%emt 0:01:39]} Rd6 {[%emt 0:01:13]} 37. Re3 {[%emt 0:00:07]} Rc6 {[%emt 0:00:10]} 38. f4 {[%emt 0:03:08]} Rd8 {[%emt 0:01:18]} 39. Kb3 {[%emt 0:01:30]} exf4 {[%emt 0:00:17]} 40. gxf4 {[%emt 0:00:00]} Kf7 {[%emt 0:00:00]} 41. e5 {[%emt 0:02:47]} Rd5 {[%emt 0:01:16]} 42. Nc4 {[%emt 0:07:29]} Rdc5 {[%emt 0:03:02]} 43. Nd6+ {[%emt 0:03:41]} Ke6 {[%emt 0:00:02]} 44. exf6+ {[%emt 0:04:59]} Kxd6 {[%emt 0:00:04]} 45. fxg7 {[%emt 0:00:12]} Rb5+ {[%emt 0:00:08]} 46. Bb4+ {[%emt 0:00:18]} 1-0

[Event "ROU-chT 1st League 2019"]
[Site "Mamaia"]
[Date "2019.09.27"]
[Round "7.9"]
[White "Ionescu, Constantin"]
[Black "Miron, Lucian-Costin"]
[Result "0-1"]
[WhiteElo "2426"]
[BlackElo "2490"]
[Annotator "ChessBase"]
[PlyCount "60"]
[EventDate "2019.09.21"]
[EventType "team-tourn"]
[EventCountry "ROU"]
[SourceTitle "playchess.com"]
[Source "ChessBase"]
[SourceQuality "1"]
[TimeControl "40/5400+30:1800+30"]

1. d4 {[%emt 0:00:00]} d5 {[%emt 0:00:40]} 2. Nf3 {[%emt 0:00:00]} Nf6 {[%emt 0:00:04]} 3. c4 {[%emt 0:00:00]} c6 {[%emt 0:00:42]} 4. Qc2 {[%emt 0:00:05]} g6 {[%emt 0:01:55]} 5. Bf4 {[%emt 0:00:30]} Bg7 {[%emt 0:00:08]} 6. e3 {[%emt 0:00:08]} O-O {[%emt 0:00:27]} 7. Nc3 {[%emt 0:00:13]} c5 {[%emt 0:00:07]} 8. dxc5 {[%emt 0:04:28]} Qa5 {[%emt 0:00:18]} 9. Nd2 {[%emt 0:06:28]} Bf5 {[%emt 0:04:09]} 10. Bd3 {[%emt 0:04:14]} Bxd3 {[%emt 0:03:07]} 11. Qxd3 {[%emt 0:00:09]} Nbd7 {[%emt 0:00:07]} 12. Nb3 {[%emt 0:04:07]} Qa6 {[%emt 0:08:51]} 13. Qe2 {[%emt 0:28:26]} dxc4 {[%emt 0:19:13]} 14. Nd2 {[%emt 0:00:12]} Nxc5 {[%emt 0:06:20]} 15. Nxc4 {[%emt 0:00:53]} Rac8 {[%emt 0:21:32]} 16. Ne5 {[%emt 0:05:23]} Qe6 {[%emt 0:01:27]} 17. Nf3 {[%emt 0:09:41]} Nh5 {[%emt 0:02:19]} 18. Bg3 {[%emt 0:01:31]} Ne4 {[%emt 0:07:12]} 19. Nb5 {[%emt 0:09:17]} Nhxg3 {[%emt 0:05:08]} 20. hxg3 {[%emt 0:00:10]} a6 {[%emt 0:00:18]} 21. Nbd4 {[%emt 0:00:24]} Qxa2 {[%emt 0:00:23]} 22. Rxa2 {[%emt 0:03:36]} Rc1+ {[%emt 0:00:10]} 23. Qd1 {[%emt 0:00:09]} Rxd1+ {[%emt 0:00:02]} 24. Kxd1 {[%emt 0:00:12]} Nxf2+ {[%emt 0:00:04]} 25. Ke1 {[%emt 0:00:12]} Nxh1 {[%emt 0:00:07]} 26. Ne2 {[%emt 0:00:13]} Rc8 {[%emt 0:01:01]} 27. b3 {[%emt 0:00:34]} Bh6 {[%emt 0:00:54]} 28. Rd2 {[%emt 0:02:24]} Bxe3 {[%emt 0:01:29]} 29. Rd7 {[%emt 0:00:07]} Kf8 {[%emt 0:00:47]} 30. Rxb7 {[%emt 0:00:10]} Rd8 {[%emt 0:00:14]} 0-1

[Event "ROU-chT 1st League 2019"]
[Site "Mamaia"]
[Date "2019.09.27"]
[Round "7.10"]
[White "Murariu, Andrei"]
[Black "Cosma, Ioan"]
[Result "1/2-1/2"]
[WhiteElo "2495"]
[BlackElo "2394"]
[Annotator "ChessBase"]
[PlyCount "101"]
[EventDate "2019.09.21"]
[EventType "team-tourn"]
[EventCountry "ROU"]
[SourceTitle "playchess.com"]
[Source "ChessBase"]
[SourceQuality "1"]
[TimeControl "40/5400+30:1800+30"]

1. e4 {[%emt 0:01:05]} c5 {[%emt 0:00:00]} 2. Nf3 {[%emt 0:00:27]} Nc6 {[%emt 0:00:00]} 3. d4 {[%emt 0:00:12]} cxd4 {[%emt 0:00:04]} 4. Nxd4 {[%emt 0:00:08]} Nf6 {[%emt 0:00:19]} 5. Nc3 {[%emt 0:00:20]} d6 {[%emt 0:00:09]} 6. Bg5 {[%emt 0:01:45]} e6 {[%emt 0:00:08]} 7. Qd2 {[%emt 0:00:20]} Be7 {[%emt 0:00:17]} 8. O-O-O {[%emt 0:00:41]} O-O {[%emt 0:00:22]} 9. f3 {[%emt 0:02:28]} a6 {[%emt 0:00:30]} 10. h4 {[%emt 0:00:31]} Qc7 {[%emt 0:00:47]} 11. Kb1 {[%emt 0:02:04]} Rd8 {[%emt 0:00:44]} 12. g4 {[%emt 0:10:15]} Nxd4 {[%emt 0:22:57]} 13. Qxd4 {[%emt 0:00:13]} b5 {[%emt 0:00:08]} 14. Be3 {[%emt 0:04:40]} Rb8 {[%emt 0:06:27]} 15. g5 {[%emt 0:09:58]} b4 {[%emt 0:01:34]} 16. Ne2 {[%emt 0:20:25]} Nh5 {[%emt 0:11:32]} 17. f4 {[%emt 0:02:23]} a5 {[%emt 0:01:12]} 18. Bg2 {[%emt 0:03:01]} e5 {[%emt 0:01:39]} 19. Qd2 {[%emt 0:10:24]} Bg4 {[%emt 0:00:57]} 20. Rhe1 {[%emt 0:00:30]} d5 {[%emt 0:01:06]} 21. exd5 {[%emt 0:01:10]} exf4 {[%emt 0:00:28]} 22. Bxf4 {[%emt 0:06:17]} Nxf4 {[%emt 0:00:30]} 23. Nxf4 {[%emt 0:00:05]} Bxd1 {[%emt 0:00:17]} 24. Rxd1 {[%emt 0:00:13]} Bd6 {[%emt 0:03:39]} 25. Nd3 {[%emt 0:00:05]} Re8 {[%emt 0:02:56]} 26. h5 {[%emt 0:03:21]} a4 {[%emt 0:08:23]} 27. g6 {[%emt 0:01:32]} hxg6 {[%emt 0:01:42]} 28. hxg6 {[%emt 0:00:05]} fxg6 {[%emt 0:00:33]} 29. Bh3 {[%emt 0:01:18]} Qf7 {[%emt 0:00:37]} 30. Be6 {[%emt 0:03:45]} Rxe6 {[%emt 0:00:06]} 31. dxe6 {[%emt 0:00:03]} Qxe6 {[%emt 0:00:06]} 32. Nf4 {[%emt 0:00:13]} Bxf4 {[%emt 0:00:57]} 33. Qxf4 {[%emt 0:00:05]} Rb5 {[%emt 0:05:15]} 34. Qf3 {[%emt 0:06:42]} a3 {[%emt 0:04:28]} 35. Qb3 {[%emt 0:03:02]} Qxb3 {[%emt 0:01:46]} 36. axb3 {[%emt 0:00:04]} axb2 {[%emt 0:00:06]} 37. Kxb2 {[%emt 0:00:08]} g5 {[%emt 0:00:38]} 38. Rg1 {[%emt 0:01:08]} Kf7 {[%emt 0:00:35]} 39. c3 {[%emt 0:00:18]} Kg6 {[%emt 0:04:14]} 40. cxb4 {[%emt 0:00:00]} Rxb4 {[%emt 0:00:00]} 41. Kc3 {[%emt 0:00:19]} Rf4 {[%emt 0:01:22]} 42. b4 {[%emt 0:05:03]} g4 {[%emt 0:01:13]} 43. b5 {[%emt 0:00:48]} Kg5 {[%emt 0:03:23]} 44. b6 {[%emt 0:00:51]} Rf3+ {[%emt 0:05:42]} 45. Kc4 {[%emt 0:00:51]} Rf2 {[%emt 0:04:13]} 46. Rb1 {[%emt 0:01:56]} Rf8 {[%emt 0:02:05]} 47. b7 {[%emt 0:03:51]} g3 {[%emt 0:00:38]} 48. b8=Q {[%emt 0:01:00]} Rxb8 {[%emt 0:00:04]} 49. Rxb8 {[%emt 0:00:05]} g2 {[%emt 0:00:04]} 50. Rb1 {[%emt 0:00:04]} Kf4 {[%emt 0:00:04]} 51. Kd5 {[%emt 0:00:10] Ke4+} 1/2-1/2

[Event "ROU-chT 1st League 2019"]
[Site "Mamaia"]
[Date "2019.09.27"]
[Round "7.11"]
[White "Itkis, Boris"]
[Black "Filip, Lucian-Ioan"]
[Result "1/2-1/2"]
[WhiteElo "2323"]
[BlackElo "2419"]
[Annotator "NA"]
[PlyCount "22"]
[EventDate "2019.09.21"]
[EventType "team-tourn"]
[EventCountry "ROU"]
[SourceTitle "playchess.com"]
[Source "ChessBase"]
[SourceQuality "1"]
[TimeControl "40/5400+30:1800+30"]

1. d4 {[%emt 0:00:00]} Nf6 {[%emt 0:00:00]} 2. c4 {[%emt 0:00:00]} e6 {[%emt 0:00:00]} 3. Nf3 {[%emt 0:00:00]} b6 {[%emt 0:00:05]} 4. g3 {[%emt 0:00:38]} Bb4+ {[%emt 0:01:05]} 5. Bd2 {[%emt 0:00:13]} Bxd2+ {[%emt 0:00:08]} 6. Qxd2 {[%emt 0:01:16]} Ba6 {[%emt 0:00:26]} 7. b3 {[%emt 0:01:59]} c6 {[%emt 0:05:24]} 8. Bg2 {[%emt 0:03:27]} d5 {[%emt 0:04:01]} 9. Ne5 {[%emt 0:08:39]} Nfd7 {[%emt 0:01:28]} 10. Nxd7 {[%emt 0:01:11]} Nxd7 {[%emt 0:00:05]} 11. O-O {[%emt 0:01:15]} O-O {[%emt 0:03:03]} 1/2-1/2

[Event "ROU-chT 1st League 2019"]
[Site "Mamaia"]
[Date "2019.09.27"]
[Round "7.12"]
[White "Ognean, Mihnea-Ionut"]
[Black "Ileana, George"]
[Result "0-1"]
[WhiteElo "2285"]
[BlackElo "2349"]
[Annotator "NA"]
[PlyCount "82"]
[EventDate "2019.09.21"]
[EventType "team-tourn"]
[EventCountry "ROU"]
[SourceTitle "playchess.com"]
[Source "ChessBase"]
[SourceQuality "1"]
[TimeControl "40/5400+30:1800+30"]

1. e4 {[%emt 0:00:00]} c5 {[%emt 0:00:00]} 2. Nf3 {[%emt 0:00:00]} d6 {[%emt 0:00:00]} 3. d4 {[%emt 0:00:00]} cxd4 {[%emt 0:00:00]} 4. Nxd4 {[%emt 0:00:00]} Nf6 {[%emt 0:00:00]} 5. Nc3 {[%emt 0:00:01]} a6 {[%emt 0:00:28]} 6. Be3 {[%emt 0:00:22]} e5 {[%emt 0:00:08]} 7. Nb3 {[%emt 0:00:05]} Be6 {[%emt 0:00:04]} 8. f3 {[%emt 0:00:07]} Be7 {[%emt 0:00:04]} 9. Qd2 {[%emt 0:00:27]} h5 {[%emt 0:00:04]} 10. Nd5 {[%emt 0:00:51]} Nxd5 {[%emt 0:00:14]} 11. exd5 {[%emt 0:00:04]} Bf5 {[%emt 0:00:05]} 12. Be2 {[%emt 0:03:25]} Nd7 {[%emt 0:00:24]} 13. O-O {[%emt 0:00:12]} a5 {[%emt 0:02:00]} 14. a4 {[%emt 0:00:25]} Qc7 {[%emt 0:00:30]} 15. Rac1 {[%emt 0:02:26]} b6 {[%emt 0:02:32]} 16. Bb5 {[%emt 0:02:03]} O-O {[%emt 0:00:44]} 17. c4 {[%emt 0:21:12]} Nc5 {[%emt 0:00:41]} 18. Nxc5 {[%emt 0:00:03]} bxc5 {[%emt 0:00:06]} 19. Rc3 {[%emt 0:00:30]} Bg6 {[%emt 0:02:16]} 20. Rb3 {[%emt 0:01:12]} Rab8 {[%emt 0:00:37]} 21. h3 {[%emt 0:06:26]} f5 {[%emt 0:01:21]} 22. Bg5 {[%emt 0:01:58]} f4 {[%emt 0:12:42]} 23. Bxe7 {[%emt 0:00:34]} Qxe7 {[%emt 0:00:04]} 24. Qxa5 {[%emt 0:00:38]} e4 {[%emt 0:00:03]} 25. Qd2 {[%emt 0:05:42]} e3 {[%emt 0:00:43]} 26. Qe2 {[%emt 0:07:31]} Bf5 {[%emt 0:00:26]} 27. a5 {[%emt 0:04:14]} Ra8 {[%emt 0:00:11]} 28. Ra1 {[%emt 0:03:39]} Bc8 {[%emt 0:03:34]} 29. Qe1 {[%emt 0:15:41]} Rf5 {[%emt 0:03:44]} 30. Bc6 {[%emt 0:04:40]} Ra7 {[%emt 0:00:09]} 31. h4 {[%emt 0:02:51]} Rf8 {[%emt 0:03:15]} 32. Rb6 {[%emt 0:01:18]} g5 {[%emt 0:00:38]} 33. b4 {[%emt 0:01:17]} cxb4 {[%emt 0:03:18]} 34. c5 {[%emt 0:06:12]} g4 {[%emt 0:03:49]} 35. cxd6 {[%emt 0:00:22]} Qg7 {[%emt 0:00:09]} 36. fxg4 {[%emt 0:06:41]} f3 {[%emt 0:01:42]} 37. gxf3 {[%emt 0:00:09]} Bxg4 {[%emt 0:00:16]} 38. Ra2 {[%emt 0:01:38]} Bxf3+ {[%emt 0:01:00]} 39. Kh2 {[%emt 0:00:05]} e2 {[%emt 0:00:09]} 40. Rxe2 {[%emt 0:00:00]} Bxe2 {[%emt 0:00:00]} 41. d7 {[%emt 0:03:11]} Bg4 {[%emt 0:01:21]} 0-1

[Event "ROU-chT 1st League 2019"]
[Site "Mamaia"]
[Date "2019.09.27"]
[Round "7.13"]
[White "Erdos, Viktor"]
[Black "Musat, Adrian"]
[Result "1-0"]
[WhiteElo "2604"]
[BlackElo "2378"]
[Annotator "TA"]
[PlyCount "63"]
[EventDate "2019.09.21"]
[EventType "team-tourn"]
[EventCountry "ROU"]
[SourceTitle "playchess.com"]
[Source "ChessBase"]
[SourceQuality "1"]

{[%evp 13,81,29,31,41,40,27,41,33,31,24,31,18,34,16,25,38,38,15,15,12,13,18,56,14,21,19,16,4,134,140,120,121,218,218,294,298,319,334,313,334,461,475,481,477,753,740,581,472,516,423,572,564,541,433,431,412,501,233,210,185,352,340,305,343,916,909,876,839,820,816]} 1. d4 Nf6 2. c4 e6 3. Nf3 d5 4. g3 dxc4 5. Bg2 a6 6. O-O Nc6 7. e3 Bd7 8. Qe2 {E04: Open Catalan: 5 Nf3} Bd6 (8... b5 9. b3 cxb3 10. axb3 Be7 11. Bd2 O-O 12. Rc1 Nb4 13. Ne5 Nfd5 14. Nc3 c6 15. Ne4 f6 16. Nxd7 Qxd7 17. Nc5 Bxc5 18. Rxc5 f5 19. Ra5 Qc7 20. Ra1 Qd7 21. Ra5 Qc7 22. Ra1 Qd7 {½-½ (22) So,W (2780)-Duda,J (2737) chess.com INT 2018}) 9. Qxc4 O-O 10. Rd1 {White is slightly better.} Qe7 11. Nc3 h6 12. Qe2 Rab8 $146 ({Predecessor:} 12... Rac8 13. Nd2 e5 14. d5 Nb8 15. h3 Rfd8 {½-½ (34) Cerrato,R (2470)-Brugger,A (2527) ICCF email 2015}) 13. h3 b5 14. b3 e5 15. d5 Na5 16. Nd2 b4 17. Nce4 Nxd5 18. Bb2 Bb5 19. Qe1 Nb6 20. Rac1 f5 (20... Nb7 $11 {remains equal.}) 21. Nxd6 $16 cxd6 22. Nf3 $1 {[%cal Rf3h4] Strongly threatening Nh4.} Nc6 (22... Bc6 $16) 23. Nh4 $18 e4 24. Ng6 $1 {[%csl LRe7,LRf8][%mdl 64] Double Attack} Qe6 25. Nxf8 Rxf8 26. Bf1 {Threatens to win with Bxb5.} Ne5 27. Bxe5 dxe5 28. Qxb4 Rf6 (28... Nd5 $142 29. Qc5 Bxf1) 29. Rd8+ Kh7 30. Bg2 Bd3 31. Rf8 Rg6 32. h4 {Played: Rc1-c7} 1-0

[Event "ROU-chT 1st League 2019"]
[Site "Mamaia"]
[Date "2019.09.27"]
[Round "7.14"]
[White "Ciorgovean, Iustin"]
[Black "Gonda, Laszlo"]
[Result "0-1"]
[WhiteElo "2331"]
[BlackElo "2541"]
[Annotator "ChessBase"]
[PlyCount "66"]
[EventDate "2019.09.21"]
[EventType "team-tourn"]
[EventCountry "ROU"]
[SourceTitle "playchess.com"]
[Source "ChessBase"]
[SourceQuality "1"]
[TimeControl "40/5400+30:1800+30"]

1. d4 {[%emt 0:00:00]} Nf6 {[%emt 0:00:00]} 2. c4 {[%emt 0:00:00]} e6 {[%emt 0:00:00]} 3. Nc3 {[%emt 0:00:00]} Bb4 {[%emt 0:00:00]} 4. Qc2 {[%emt 0:00:00]} b6 {[%emt 0:00:00]} 5. e4 {[%emt 0:00:00]} c5 {[%emt 0:00:18]} 6. d5 {[%emt 0:00:00]} Qe7 {[%emt 0:01:29]} 7. Nge2 {[%emt 0:00:02]} exd5 {[%emt 0:02:03]} 8. exd5 {[%emt 0:00:33]} O-O {[%emt 0:00:45]} 9. Bd2 {[%emt 0:00:18]} d6 {[%emt 0:02:36]} 10. f3 {[%emt 0:00:33]} Nbd7 {[%emt 0:11:21]} 11. O-O-O {[%emt 0:00:17]} Re8 {[%emt 0:07:42]} 12. Ng3 {[%emt 0:04:53]} Nf8 {[%emt 0:00:18]} 13. Bd3 {[%emt 0:03:59]} a6 {[%emt 0:00:32]} 14. a3 {[%emt 0:04:01]} Ba5 {[%emt 0:00:18]} 15. Kb1 {[%emt 0:00:20]} Rb8 {[%emt 0:07:09]} 16. Nf5 {[%emt 0:03:43]} Bxf5 {[%emt 0:03:48]} 17. Bxf5 {[%emt 0:00:17]} b5 {[%emt 0:00:51]} 18. g4 {[%emt 0:03:11]} b4 {[%emt 0:08:08]} 19. Na4 {[%emt 0:07:09]} Qc7 {[%emt 0:00:56]} 20. axb4 {[%emt 0:01:12]} Bxb4 {[%emt 0:00:07]} 21. Bc1 {[%emt 0:04:29]} N6d7 {[%emt 0:00:59]} 22. g5 {[%emt 0:05:07]} Ne5 {[%emt 0:06:15]} 23. Rdf1 {[%emt 0:04:58]} Qa5 {[%emt 0:03:38]} 24. b3 {[%emt 0:00:10]} Ned7 {[%emt 0:07:47]} 25. f4 {[%emt 0:06:46]} Nb6 {[%emt 0:00:41]} 26. Nxb6 {[%emt 0:01:12]} Bc3 {[%emt 0:01:50]} 27. Bb2 {[%emt 0:03:26]} Bxb2 {[%emt 0:00:05]} 28. Kxb2 {[%emt 0:00:10]} Qxb6 {[%emt 0:01:20]} 29. Bd3 {[%emt 0:03:18]} Re3 {[%emt 0:02:35]} 30. Re1 {[%emt 0:01:12]} Rh3 {[%emt 0:00:41]} 31. Ra1 {[%emt 0:11:43]} Ng6 {[%emt 0:04:02]} 32. Ra3 {[%emt 0:05:38]} Nxf4 {[%emt 0:02:15]} 33. Bf1 {[%emt 0:00:05]} Rf3 {[%emt 0:06:39]} 0-1